| 000 | 00824nam a2200277Ia 4500 | ||
|---|---|---|---|
| 001 | Para_532 | ||
| 003 | CHAP | ||
| 008 | 220125s1967 xx 000 0 und d | ||
| 010 | _a199287 | ||
| 040 | _cCHAP | ||
| 090 | _aPA FOLLETO 3315 | ||
| 100 |
_aBrooks, Arthur R. _9164580 |
||
| 245 |
_aAquatic and semiaquatic heteroptera of alberta, saskatchewan, and manitoba (Hemiptera) / _c by Arthur R. Brooks and Leonard A. Kelton |
||
| 260 |
_aOttawa, Canada : _b Memoirs of the Entomological |
||
| 300 | _a92 p. | ||
| 650 |
_aHemipteros _953511 |
||
| 650 |
_aHeteropteros _955066 |
||
| 700 |
_aKelton, Leonard A. _962975 |
||
| 901 | _aPA FOLLETO 3315 | ||
| 902 | _aA | ||
| 905 | _a0000001967 0000000000 00 | ||
| 910 | _a1967 | ||
| 942 | _cPARA | ||
| 942 |
_cPARA _d1 |
||
| 999 |
_c199287 _d199287 |
||